LEADER 02102oam 2200577M 450 001 9910715621503321 005 20191121065738.3 035 $a(CKB)5470000002513853 035 $a(OCoLC)1065886676 035 $a(OCoLC)995470000002513853 035 $a(EXLCZ)995470000002513853 100 $a20070221d1843 ua 0 101 0 $aeng 135 $aurcn||||||||| 181 $ctxt$2rdacontent 182 $cc$2rdamedia 183 $acr$2rdacarrier 200 10$aCommunication of Lieutenant Hunter, of the U.S. Navy, on the proper model of a war steamer. February 27, 1843. Submitted to the House by the Chairman of the Committee on Naval Affairs, laid upon the table, and ordered to be printed 210 1$a[Washington, D.C.] :$c[publisher not identified],$d1843. 215 $a1 online resource (7 pages) 225 1 $aHouse document / 27th Congress, 3rd session. House ;$vno. 189 225 1 $a[United States congressional serial set ] ;$v[serial no. 422] 300 $aBatch processed record: Metadata reviewed, not verified. Some fields updated by batch processes. 300 $aFDLP item number not assigned. 606 $aArmored vessels 606 $aIron 606 $aMilitary engineering 606 $aMilitary readiness 606 $aNaval research 606 $aShipbuilding 606 $aSteamboats 606 $aWarships 606 $aCost 608 $aLegislative materials.$2lcgft 615 0$aArmored vessels. 615 0$aIron. 615 0$aMilitary engineering. 615 0$aMilitary readiness. 615 0$aNaval research. 615 0$aShipbuilding. 615 0$aSteamboats. 615 0$aWarships. 615 0$aCost. 801 0$bWYU 801 1$bWYU 801 2$bOCLCO 801 2$bOCLCQ 906 $aBOOK 912 $a9910715621503321 996 $aCommunication of Lieutenant Hunter, of the U.S. Navy, on the proper model of a war steamer. February 27, 1843. Submitted to the House by the Chairman of the Committee on Naval Affairs, laid upon the table, and ordered to be printed$93320058 997 $aUNINA LEADER 02805nam 2200673 450 001 9910138885103321 005 20180731044803.0 010 $a2-8218-5067-0 010 $a2-7606-2484-6 024 7 $a10.4000/books.pum.497 035 $a(CKB)2470000000002270 035 $a(EBL)3248864 035 $a(SSID)ssj0000735515 035 $a(PQKBManifestationID)12300233 035 $a(PQKBTitleCode)TC0000735515 035 $a(PQKBWorkID)10749363 035 $a(PQKB)11676489 035 $a(CaPaEBR)407435 035 $a(CaBNvSL)slc00211990 035 $a(MiAaPQ)EBC3248864 035 $a(MiAaPQ)EBC4795654 035 $a(MiAaPQ)EBC6954505 035 $a(Au-PeEL)EBL6954505 035 $a(FrMaCLE)OB-pum-497 035 $a(oapen)https://directory.doabooks.org/handle/20.500.12854/57120 035 $a(VaAlCD)20.500.12592/18z223 035 $a(schport)gibson_crkn/2009-12-01/3/407435 035 $a(PPN)233380647 035 $a(EXLCZ)992470000000002270 100 $a20170222h20072007 uy 0 101 0 $afre 135 $aur|n|---||||| 181 $ctxt 182 $cc 183 $acr 200 10$aProfession sinologue /$fCharles Le Blanc 210 $cPresses de l?Université de Montréal$d2007 210 1$a[Montre?al, Canada] :$cLes Presses de l'Universite? de Montre?al,$d2007. 210 4$d©2007 215 $a1 online resource (71 p.) 225 1 $aProfession 300 $aDescription based upon print version of record. 311 $a2-7606-2027-1 320 $aIncludes bibliographical references. 330 $aÊtre sinologue, c?est chercher à comprendre et à faire comprendre les multiples facettes de la société et de la culture de la Chine. Par son isolement physique et culturel à l?autre bout de l?Eurasie, la Chine se donne comme l?Autre du monde indo-européen. Il incombe au sinologue de « traduire » cette différence pour à la fois comprendre et respecter la spécificité chinoise, enrichir l?esprit et le c?ur de l?Occident, et favoriser la communication la plus ouverte entre deux pôles incontournables de la planète. C?était bien là les valeurs que préconisait Jean Pierre Abel-Rémusat (1788-1832), titulaire de la première chaire d?études chinoises en Occident au Collège de France en 1814 et fondateur de l?étude scientifique de la Chine : la sinologie. 410 0$aProfession (Montre?al, Que?bec) 607 $aChina$xStudy and teaching$xSocial aspects 610 $aétude 610 $aChine 610 $asinologue 676 $a951.0072 700 $aLe Blanc$b Charles$0884362 801 0$bMiAaPQ 801 1$bMiAaPQ 801 2$bMiAaPQ 906 $aBOOK 912 $a9910138885103321 996 $aProfession sinologue$91974819 997 $aUNINA